| 000 | 00655nam a2200205 a 4500 | ||
|---|---|---|---|
| 005 | 20240924071554.0 | ||
| 008 | 150528s2011 mx r 000 0 spa d | ||
| 020 | _a9786071707147 | ||
| 035 | _aUPN01000203845 | ||
| 049 | _aCG | ||
| 050 | 4 |
_aLC1031 _bF7.5 |
|
| 100 | 1 |
_aFrola Ruiz, Helga Patricia _930436 |
|
| 245 | 1 | 0 |
_aMaestros competentes : _ba través de la planeación y la evaluación por competencias / _cPatricia Frola. |
| 260 |
_aMéxico : _bTrillas, _c2011. |
||
| 300 |
_a190 p. : _bil., figs. |
||
| 650 | 4 |
_aEducación basada en competencias _913564 |
|
| 650 | 4 |
_aMaestros _xFormación profesional _9804 |
|
| 905 | _aLibro | ||
| 999 |
_c175946 _d175946 |
||